Los mártires o el triunfo de la religión cristiana

Saved in:
Bibliografiske detaljer
Hovedforfatter: Chateaubriand, Francois Renate (Author)
Format: Bog
Sprog:spansk
Udgivet: París Garnier Hermanos 1826
Fag:
Tags: Tilføj Tag
Ingen Tags, Vær først til at tagge denne postø!

MARC

LEADER 00000cam a2200000 a 4500
001 UCI6786
003 CL-VaPUC
008 080530e18260000FR |||||||||||||||||spa|d
082 0 4 |a 843  |b CHA  |2 21 
100 0 |a Chateaubriand, Francois Renate  |e author  |9 338716 
245 1 4 |a Los mártires o el triunfo de la religión cristiana 
300 |a 614 p 
942 |c BK 
945 |d 20080530 00:00:00  |a rbrito 
260 |a París  |b Garnier Hermanos  |c 1826 
500 |a Donación Padres Capuchinos 
650 0 |a Novela francesa  |9 264985 
583 |a last modification  |c 20111004 10:59:10  |k Rodrigo Vera 
999 |c 330235  |d 330233 
952 |0 0  |1 0  |4 0  |6 843_000000000000000_CHA_1826  |7 0  |8 X  |9 415707  |a FDOBUD  |b FDOBUD  |d 2019-11-22  |i 4443268  |o 843 CHA 1826  |p 4443268  |r 2019-11-22  |w 2019-11-22  |y BK_X  |k BUD